The ministry of intercessory prayer / (Record no. 10552)
[ view plain ]
| 000 -LEADER | |
|---|---|
| fixed length control field | 00774cam a2200265 a 4500 |
| 001 - CONTROL NUMBER | |
| control field | 7978109 |
| 003 - CONTROL NUMBER IDENTIFIER | |
| control field | OCoLC |
| 005 - DATE AND TIME OF LATEST TRANSACTION | |
| control field | 20210225145008.0 |
| 008 - FIXED-LENGTH DATA ELEMENTS--GENERAL INFORMATION | |
| fixed length control field | 811106r19811877mnu 000 0 eng |
| 010 ## - LIBRARY OF CONGRESS CONTROL NUMBER | |
| LC control number | 81018011 //r923 |
| 020 ## - INTERNATIONAL STANDARD BOOK NUMBER | |
| International Standard Book Number | 0871233533 (pbk.) : |
| 040 ## - CATALOGING SOURCE | |
| Original cataloging agency | DLC |
| Transcribing agency | DLC |
| 050 ## - LIBRARY OF CONGRESS CALL NUMBER | |
| Item number | M981M |
| 082 ## - DEWEY DECIMAL CLASSIFICATION NUMBER | |
| Item number | M981M |
| 092 ## - LOCALLY ASSIGNED DEWEY CALL NUMBER (OCLC) | |
| Classification number | 249.3 |
| Item number | M981M |
| 100 1# - MAIN ENTRY--PERSONAL NAME | |
| Personal name | Murray, Andrew, |
| Dates associated with a name | 1828-1917 |
| 240 10 - UNIFORM TITLE | |
| Uniform title | Ministry of intercession |
| 245 14 - TITLE STATEMENT | |
| Title | The ministry of intercessory prayer / |
| Statement of responsibility, etc. | Andrew Murray |
| 250 ## - EDITION STATEMENT | |
| Edition statement | Edited ed |
| 260 ## - PUBLICATION, DISTRIBUTION, ETC. | |
| Place of publication, distribution, etc. | Minneapolis, Minn. : |
| Name of publisher, distributor, etc. | Bethany House Publishers, |
| Date of publication, distribution, etc. | 1981 |
| 300 ## - PHYSICAL DESCRIPTION | |
| Extent | 155 p. ; |
| Dimensions | 21 cm |
| 500 ## - GENERAL NOTE | |
| General note | Previously published in 1877 as: The ministry of intercession |
| 650 #0 - SUBJECT ADDED ENTRY--TOPICAL TERM | |
| Topical term or geographic name entry element | Intercessory prayer |
| General subdivision | Christianity |
| 942 ## - ADDED ENTRY ELEMENTS (KOHA) | |
| Source of classification or shelving scheme | Dewey Decimal Classification |
| Koha item type | Books |
| Withdrawn status | Lost status | Source of classification or shelving scheme | Damaged status | Not for loan | Collection code | Home library | Current library | Shelving location | Date acquired | Total Checkouts | Full call number | Barcode | Date last seen | Price effective from | Koha item type |
|---|---|---|---|---|---|---|---|---|---|---|---|---|---|---|---|
| Dewey Decimal Classification | Non-fiction | Harvest Mission College | Harvest Mission College | General Stacks | 01.03.2021 | 248.3 M981M | 012170 | 01.03.2021 | 01.03.2021 | Books |
